00343nam a2200145Ia 45000030006000000080041000060400015000471000015000622450025000772500006001022600052001083000006001605460014001660050017001800STCL150530s9999 xx 000 0 und d aSTCLcSTCL aMaupassant aAnthonies Punyavalan a1 bSahithya Pravarthaka Co Operative Societyc1961 a0 aMalayalam20220125171651.0